Vista normal
Vista MARC
Entrada Nombre Corporativo
Número de registros utilizados en: 4
001 - CONTROL NUMBER
- control field: 576
003 - CONTROL NUMBER IDENTIFIER
- control field: OSt
005 - DATE AND TIME OF LATEST TRANSACTION
- control field: 20260309155230.0
008 - FIXED-LENGTH DATA ELEMENTS
- fixed length control field: 260309|| aca||aabn | a|a d
040 ## - CATALOGING SOURCE
- Original cataloging agency: OSt
110 1# - ENCABEZADO--NOMBRE CORPORATIVO
- Nombre corporativo o nombre de la jurisdicción como elemento de entrada: Portland Cement Association